Constitución Política de la República de Chile: edición oficial aprobada por decreto N§ 153, de 13 de febrero de 1998 del Ministerio de Justicia
Guardat en:
| Format: | Llibre |
|---|---|
| Idioma: | espanyol |
| Publicat: |
Santiago
Jurídica
1998
|
| Edició: | 6a. ed |
| Matèries: | |
| Etiquetes: |
Afegir etiqueta
Sense etiquetes, Sigues el primer a etiquetar aquest registre!
|
MARC
| LEADER | 00000nam a2200000 a 4500 | ||
|---|---|---|---|
| 001 | UCR7363 | ||
| 003 | CL-VaPUC | ||
| 008 | 980515e19980000CL |||||||||||||||||spa|d | ||
| 082 | 0 | 4 | |a 342.83 |b CON |2 21 |
| 245 | 1 | 0 | |a Constitución Política de la República de Chile: edición oficial aprobada por decreto N§ 153, de 13 de febrero de 1998 del Ministerio de Justicia |
| 250 | |a 6a. ed | ||
| 300 | |a 838 p | ||
| 942 | |c BK | ||
| 945 | |d 19980515 00:00:00 |a rbrito | ||
| 260 | |a Santiago |b Jurídica |c 1998 | ||
| 500 | |a Apéndice actualizado a julio de 1998 | ||
| 600 | 0 | 7 | |a TRIBUNAL CONSTITUCIONAL |2 CL-VaPUC |9 257869 |
| 600 | 0 | 7 | |a CONTRALORIA GENERAL DE LA REPUBLICA |2 CL-VaPUC |9 255756 |
| 600 | 0 | 7 | |a CONSEJO DE SEGURIDAD NACIONAL |2 CL-VaPUC |9 256492 |
| 600 | 0 | 7 | |a BANCO CENTRAL DE CHILE |2 CL-VaPUC |9 315360 |
| 600 | 0 | |a Congreso Nacional de Chile |9 256491 | |
| 650 | 0 | |a Constitución política |9 336925 | |
| 650 | 0 | |a Nacionalidad |9 357571 | |
| 650 | 0 | |a Derecho constitucional |9 222588 | |
| 650 | 0 | |a Poder judicial |9 254871 | |
| 650 | 0 | |a Reformas constitucionales |9 255169 | |
| 583 | |a last modification |c 20130925 07:18:47 |k Rodrigo Vera | ||
| 999 | |c 269063 |d 269061 | ||
| 952 | |0 0 |1 0 |2 ddc |4 0 |6 342_830000000000000_CON_1998 |7 0 |8 FOND_LRYV |9 302671 |a BIBDER |b BIBDER |d 2019-11-20 |i 3461076 |o 342.83 CON 1998 |p 3461076 |r 2023-01-25 |w 2019-11-20 |y BK_X |k DER | ||
| 952 | |0 0 |1 0 |2 ddc |4 0 |6 342_830000000000000_CON_1998 |7 0 |8 FOND_LRYV |9 302673 |a BIBDER |b BIBDER |d 2019-11-20 |i 3530280 |l 2 |m 4 |o 342.83 CON 1998 |p 3530280 |q 2025-12-31 |r 2021-10-11 |s 2021-10-11 |w 2019-11-20 |y BK_X |k DER | ||